| 000 | 01158nam0a22002771 4500 | ||
|---|---|---|---|
| 001 | rc\565431 | ||
| 005 | 20250621133141.0 | ||
| 035 | _a(NLR Aleph) 005800279 | ||
| 090 |
_a5289427 _c5289427 |
||
| 100 | _a20030616d1987 |||y0rusy50 ca | ||
| 101 | 0 | _arus | |
| 102 | _aRU | ||
| 105 | _ay ||||||||| | ||
| 200 | 1 |
_aСовершенствование экономического механизма управления народным хозяйством _e(На прим. УССР и НРБ) |
|
| 210 |
_aКиев _cУкрНИИНТИ _d1987 |
||
| 215 |
_a51, [2] с. _d20 |
||
| 225 | 1 |
_aЭкономика _eОбзор. информ. _fУкр. НИИ НТИ и техн.-экон. исслед. _hСерия 44 _iУправление народным хозяйством |
|
| 300 | _aНа обл. авт. не указаны | ||
| 320 | _aБиблиогр.: с. 51-52 (40 назв.) | ||
| 700 | 1 |
_aНазимова _bН.К. _gНаталия Константиновна |
|
| 701 | 1 |
_aВучева _bХ.А. _gХристина Ангелова |
|
| 801 | 0 |
_aRU _bNLR _gpsbo |
|
| 801 | 1 |
_aRU _bELAR _2rusmarc |
|
| 852 |
_aNLR _j88-4/2328 |
||
| 942 | _cBOOK | ||
| 980 | _aNB | ||